| 000 | 00782cab a2200253 4500 | ||
|---|---|---|---|
| 001 | ABS54594 | ||
| 008 | 090401t1996 xxu||||| |||| 00| 0 eng d | ||
| 035 | _a(Sirsi) u11255 | ||
| 041 | _aeng | ||
| 100 | _aBraithwaite, J. | ||
| 245 | _aPlanning and retail development north of the border | ||
| 260 | _c1996 | ||
| 350 | _a0 | ||
| 490 |
_aTown & Country Planning _v65(1) January 1996, 24-26(3) |
||
| 520 | _aLooks at the main issues and guidelines set out by the draft national planning policy guideline on retail planning in Scotland. | ||
| 650 | _aNPPGS | ||
| 650 | _aPLANNING POLICY GUIDANCE NOTE SIX | ||
| 650 | _aRETAIL DEVELOPMENT | ||
| 650 | _aRETAIL PLANNING | ||
| 650 | _aSCOTLAND | ||
| 690 | _aPLANNING LAW AND PRACTICE | ||
| 942 | _n0 | ||
| 948 | _c04/03/1997 | ||
| 999 |
_c7163 _d7163 |
||